Cutting edge; Intermediate; Workbook

Guardat en:
Dades bibliogràfiques
Autor principal: Jane Comyns Carr
Format: Llibre
Idioma:Undetermined
Publicat: England Longman 1998
Matèries:
Etiquetes: Afegir etiqueta
Sense etiquetes, Sigues el primer a etiquetar aquest registre!
Thư viện lưu trữ: Trung tâm Học liệu Trường Đại học Cần Thơ
LEADER 00556nam a2200205Ia 4500
001 CTU_65343
008 210402s9999 xx 000 0 und d
020 |b 88000 
082 |a 428.34 
082 |b M819wi 
100 |a Jane Comyns Carr 
245 0 |a Cutting edge; Intermediate; Workbook 
245 0 |c Jane Comyns Carr, Frances Eales 
260 |a England 
260 |b Longman 
260 |c 1998 
650 |a english language 
650 |x texbooks for foreign speakers 
904 |i Năm 
980 |a Trung tâm Học liệu Trường Đại học Cần Thơ